Sports Quiz

Random Sports or NBA Quiz

Most NBA Finals Appearances Quiz Stats

Quiz Updated Jun 13, 2016

Also try: NBA Finals MVPs
Challenge
Share
Tweet
Embed
Score 0/54 Timer 06:00
0 Plays Today
Finals Player % Correct
6Michael Jordan
92.2%
9Magic Johnson
91.2%
8LeBron James
90%
12Bill Russell
89.5%
7Kobe Bryant
89.4%
6Dennis Johnson
87.9%
6Shaquille O'Neal
87.4%
6Tim Duncan
83.7%
10Kareem Abdul-Jabbar
83.6%
6Scottie Pippen
83%
5Larry Bird
81.2%
5Dwyane Wade
80.3%
5Tony Parker
75.7%
6Dennis Rodman
74%
9Jerry West
73.8%
6Wilt Chamberlain
70.6%
6James Jones
65.6%
6James Worthy
65.4%
7Robert Horry
65.2%
7Bob Cousy
63.2%
5Manu Ginobili
62.2%
5Kevin McHale
61.8%
7Derek Fisher
60.1%
11Sam Jones
59.4%
8K.C. Jones
59.1%
8John Havlicek
58.3%
6Robert Parish
56.8%
Finals Player % Correct
5Steve Kerr
52%
8Elgin Baylor
47.9%
5George Mikan
46.7%
5Horace Grant
46.3%
6Byron Scott
40.9%
5Udonis Haslem
39.6%
5A.C. Green
34.6%
8Michael Cooper
33%
6Danny Ainge
31.4%
5Ron Harper
30.5%
6Kurt Rambis
29.6%
9Tom Heinsohn
29.5%
5John Salley
20.3%
5Bill Sharman
16.9%
5Jamaal Wilkes
13.8%
6Don Nelson
12%
8Tom Sanders
11.3%
8Frank Ramsey
6.7%
5Vern Mikkelsen
6.1%
7Slater Martin
5.5%
6Jim Loscutoff
4.6%
5Dick Barnett
3.6%
5Larry Siegfried
3.2%
5Jim Pollard
3.1%
5Clyde Lovellette
2.6%
6Mel Counts
1.8%
5Larry Foust
1.3%

You're not logged in!

Compare scores with friends on all Sporcle quizzes.
Sign Up with Email
OR
Log In

You Might Also Like...

Show Comments

Extras

Top Quizzes Today


Score Distribution

Your Account Isn't Verified!

In order to create a playlist on Sporcle, you need to verify the email address you used during registration. Go to your Sporcle Settings to finish the process.